[Event "Ch Uruguay"]
[Site "masterchessopen.com – Montevideo (Uruguay)"]
[Round "3"]
[White "Escofet Jaime (URU)"]
[Black "Escandon Federico (URU)"]
[Result "1-0"]
[WhiteElo "2056"]
[BlackElo "2145"]

1.e4 c5 2.Nf3 d6 3.d4 cxd4 4.Nxd4 Nf6 5.Nc3 a6 6.g3 b5 7.Bg2 Bb7 8.O-O e6 9.a3
Nbd7 10.f4 Qc7 11.Kh1 Be7 12.g4 Nc5 13.Qe2 O-O 14.g5 Ne8 15.Be3 e5 16.Nf5 f6
17.Qh5 Ne6 18.g6 h6 19.Nd5 Bxd5 20.exd5 Nxf4 21.Bxf4 exf4 22.Rxf4 Bd8 23.Nd4
Qc5 24.Ne6 Qxc2 25.Nxf8 Qxb2 26.Re1 Kxf8 27.Qf5 Ra7 28.Rfe4 {#r} 1-0

[Event "Ch Marshall Chess Club"]
[Site "masterchessopen.com – New York (USA)"]
[Round "0"]
[White "Vulicevic Nenad (YUG)"]
[Black "Lomakina O (RUS)"]
[Result "1-0"]
[WhiteElo "2363"]
[BlackElo "2075"]

1.e4 c5 2.Nf3 d6 3.d4 cxd4 4.Nxd4 Nf6 5.Nc3 a6 6.g3 Nc6 7.Bg2 e5 8.Nf5 g6
9.Nh6 Be6 10.O-O Qd7 11.Nd5 Bxd5 12.exd5 Ne7 13.c4 Rc8 14.Qe2 Bg7 15.Bd2 Nh5
16.Bf3 Nf6 17.Rac1 Nf5 18.Nxf5 gxf5 19.Bg2 h5 20.Bg5 Ng4 21.f3 Nh6 22.Bh3 h4
23.Bxh4 f6 24.Qd3 Kf7 25.b4 Rcd8 26.Kh1 Qa4 27.a3 Qd7 28.Rfd1 b6 29.c5 bxc5
30.bxc5 dxc5 31.Rxc5 Qa4 {#r} 1-0

[Event "Ch Europe (juniors) (under 16)"]
[Site "masterchessopen.com – Szombathely (Hungary)"]
[Round "0"]
[White "Stevic Hrvoje (CRO)"]
[Black "Kempinski Robert (POL)"]
[Result "0-1"]
[WhiteElo "2621"]
[BlackElo "2340"]

1.e4 c5 2.Nf3 d6 3.d4 cxd4 4.Nxd4 Nf6 5.Nc3 a6 6.g3 Nc6 7.Bg2 Nxd4 8.Qxd4 g6
9.Bg5 Bg7 10.Nd5 O-O 11.Bxf6 exf6 12.Nb6 f5 13.Qb4 a5 14.Qb5 Ra6 15.Nxc8 Qxc8
16.O-O-O Rc6 17.Qb3 Qc7 18.c3 Bxc3 19.Rd5 Rc8 20.Kb1 Bd4 21.a3 Rb6 22.Rb5 Rxb5
23.Qxb5 Qc2+ 24.Ka2 Qxf2 25.Bh3 Bxb2 26.Qxb2 Rc2 27.Rb1 Qxh2 28.Qxc2 Qxc2+
29.Rb2 Qc4+ 30.Ka1 fxe4 {#R} 0-1

[Event "Ch Europe (juniors) (under 12)"]
[Site "masterchessopen.com – Baile Herculane (Romania)"]
[Round "0"]
[White "Martinez Garcia Jose (ESP)"]
[Black "Azadmanesh Moosa (NED)"]
[Result "0-1"]
[WhiteElo "2165"]
[BlackElo "2143"]

1.e4 c5 2.Nf3 d6 3.d4 cxd4 4.Nxd4 Nf6 5.Nc3 a6 6.g3 b5 7.Bg2 Bb7 8.O-O e6 9.f3
h5 10.Bg5 Be7 11.a4 b4 12.Na2 Qa5 13.f4 Qc5 14.Kh1 Ng4 15.Bxe7 Kxe7 16.Qd2 h4
17.gxh4 Rxh4 18.h3 Nc6 19.Nf3 Rh6 20.Rae1 Rah8 21.f5 a5 22.Qg5+ Nf6 23.Qxg7
R6h7 24.Qg5 Rg8 25.Qd2 Ba6 26.Rg1 Ng4 27.Nc1 Nf2+ 28.Kh2 Rgh8 29.Ng5 Qe5+ {#R}
0-1

[Event "Ch Catalunia (team)"]
[Site "masterchessopen.com – Catalunia (Spain)"]
[Round "0"]
[White "Molina Mansilla Ricardo (ESP)"]
[Black "Herms Agullo Jordi (ESP)"]
[Result "1-0"]
[WhiteElo "2216"]
[BlackElo "2074"]

1.e4 c5 2.Nf3 d6 3.d4 cxd4 4.Nxd4 Nf6 5.Nc3 a6 6.g3 g6 7.Bg2 Bg7 8.O-O O-O
9.h3 Qc7 10.a4 Nc6 11.Nde2 e5 12.Bg5 Be6 13.Qd2 Rac8 14.Rad1 Ne8 15.Bh6 Ne7
16.Bxg7 Kxg7 17.g4 Rh8 18.Ng3 Qc5 19.Kh2 b5 20.axb5 axb5 21.Rc1 Bc4 22.Rfe1 h6
23.Nd1 Nc6 24.Ne3 Nd4 25.Ra1 Nf6 26.Ra6 Rhd8 27.c3 Nb3 28.Nef5+ gxf5 29.Nxf5+
Kg8 30.Qxh6 {#r} 1-0

[Event "Ch Hungary (team) (3 liga)"]
[Site "masterchessopen.com – Hungary"]
[Round "0"]
[White "Pal Ferenc (HUN)"]
[Black "Demeter Vilmos (HUN)"]
[Result "0-1"]
[WhiteElo "2023"]
[BlackElo "1862"]

1.e4 c5 2.Nf3 d6 3.d4 cxd4 4.Nxd4 Nf6 5.Nc3 a6 6.g3 e5 7.Nf5 d5 8.Bg5 d4
9.Bxf6 gxf6 10.Ne2 Bxf5 11.exf5 Qd5 12.Rg1 Nc6 13.g4 Rd8 14.a3 Qa5+ 15.b4 Nxb4
16.f4 Nd3# 0-1

[Event "n) (b"]
[Site "masterchessopen.com – Augsburg (Germany)"]
[Round "3"]
[White "Vuckovic Aleksandar (GER)"]
[Black "Wolfsteiner Helmut (GER)"]
[Result "1-0"]
[WhiteElo "2290"]
[BlackElo "2315"]

1.e4 c5 2.Nf3 d6 3.d4 cxd4 4.Nxd4 Nf6 5.Nc3 a6 6.g3 g6 7.Bg2 Bg7 8.O-O O-O
9.h3 Qc7 10.Bg5 e6 11.Qd2 Nc6 12.Nce2 Bd7 13.Rfd1 Rac8 14.Rac1 Na5 15.b3 b5
16.c3 Nb7 17.c4 Qb8 18.cxb5 axb5 19.b4 e5 20.Nc2 Be6 21.Nc3 Bc4 22.Na3 Nd8
23.Qxd6 Ne6 24.Qxb8 Rxb8 25.Be3 Rfe8 26.Nxc4 bxc4 27.Nd5 Ra8 28.Rd2 Nd4
29.Rxc4 Rec8 {#r} 1-0

[Event "Ch Yugoslavia (1/2 final) (open)"]
[Site "masterchessopen.com – Nis (Yugoslavia)"]
[Round "10"]
[White "Brankovic Dejan (SRB)"]
[Black "Stojanovic Mihajlo (SRB)"]
[Result "1-0"]
[WhiteElo "2360"]
[BlackElo "2390"]

1.e4 c5 2.Nf3 d6 3.d4 cxd4 4.Nxd4 Nf6 5.Nc3 a6 6.g3 e5 7.Nde2 b5 8.Bg2 Bb7
9.Bg5 Nbd7 10.a4 Be7 11.axb5 axb5 12.Rxa8 Bxa8 13.Nxb5 Qa5+ 14.Nec3 Bxe4
15.Bxe4 Nxe4 16.Qd5 Qa1+ 17.Ke2 Nxc3+ 18.bxc3 Qa4 19.Bxe7 Kxe7 20.Qxd6+ Kd8
21.Qd5 Qxc2+ 22.Ke3 f5 23.Ra1 f4+ 24.gxf4 exf4+ 25.Kf3 {#r} 1-0

[Event "Ch World (active) (juniors) (under 12) (g)"]
[Site "masterchessopen.com – Paris (France)"]
[Round "4"]
[White "Genova Liubka (BUL)"]
[Black "Bogatyriova Lidia (UKR)"]
[Result "1-0"]
[WhiteElo "2259"]
[BlackElo "2217"]

1.e4 c5 2.Nf3 Nf6 3.Nc3 d6 4.d4 cxd4 5.Nxd4 a6 6.g3 Nc6 7.Bg2 e6 8.O-O Be7
9.Nxc6 bxc6 10.e5 Nd5 11.exd6 Qxd6 12.Ne4 Qd7 13.c4 Nb6 14.Qg4 Kf8 15.b3 h5
16.Qf4 h4 17.Bb2 h3 18.Bh1 Bb7 19.Rad1 Qe8 20.Rd3 f5 21.Rfd1 Rh5 22.Nd6 Bxd6
23.Qxd6+ Kg8 24.Qc7 Rc8 25.Qxg7# 1-0

[Event "It (open) (b) (juniors)"]
[Site "masterchessopen.com – Plzen (Czech Republic)"]
[Round "8"]
[White "Fiala Robert (CZE)"]
[Black "Hovorka Pavel (CZE)"]
[Result "0-1"]
[WhiteElo "2288"]
[BlackElo "2014"]

1.e4 c5 2.Nf3 d6 3.d4 cxd4 4.Nxd4 Nf6 5.Nc3 a6 6.g3 e5 7.Nb3 Be7 8.f4 Qb6
9.Bg2 O-O 10.f5 d5 11.Nxd5 Nxd5 12.Qxd5 Rd8 13.Qc4 Bd7 14.Qe2 Bb5 15.Qf2 Rd1+
16.Kxd1 Qxf2 {#R} 0-1

[Event "It (open) (4)"]
[Site "masterchessopen.com – Dallas (USA)"]
[Round "0"]
[White "Ivanov Alexander (USA)"]
[Black "Martin Del Campo Roberto (MEX)"]
[Result "1-0"]
[WhiteElo "2523"]
[BlackElo "2455"]

1.e4 c5 2.Nf3 d6 3.d4 cxd4 4.Nxd4 Nf6 5.Nc3 a6 6.g3 e5 7.Nde2 Be7 8.a4 b6
9.Bg2 Bb7 10.h3 h5 11.Bg5 Nbd7 12.O-O Qc7 13.Qd2 Bc6 14.Rfe1 Rb8 15.Nc1 b5
16.axb5 axb5 17.Nd3 b4 18.Nd5 Bxd5 19.exd5 b3 20.Nb4 e4 21.Na6 Qb7 {#r} 1-0

[Event "Ch Greece (team)"]
[Site "masterchessopen.com – Greece"]
[Round "2"]
[White "Markidis Konstantinos (GRE)"]
[Black "Klokas Konstantinos (GRE)"]
[Result "1-0"]
[WhiteElo "2250"]
[BlackElo "2177"]

1.e4 c5 2.Nf3 d6 3.d4 cxd4 4.Nxd4 Nf6 5.Nc3 a6 6.g3 e5 7.Nb3 Be7 8.Bg2 O-O
9.O-O Be6 10.h3 Nbd7 11.f4 Nb6 12.a4 Rc8 13.a5 Nc4 14.Kh2 b5 15.axb6 Qxb6
16.Qf3 Rfd8 17.f5 Bd7 18.g4 Bc6 19.g5 Nd7 20.f6 gxf6 21.Qh5 Ne3 22.Bxe3 Qxe3
23.Rf3 Qa7 24.Raf1 Bf8 25.gxf6 Nc5 26.Rg3+ Kh8 27.Qg5 {#r} 1-0

[Event "Ch World (active) (juniors) (under 12) (g)"]
[Site "masterchessopen.com – Paris (France)"]
[Round "4"]
[White "Zaksaite Salomeja (LTU)"]
[Black "Paehtz Elisabeth (GER)"]
[Result "1-0"]
[WhiteElo "2200"]
[BlackElo "2461"]

1.e4 c5 2.Nf3 d6 3.d4 cxd4 4.Nxd4 Nf6 5.Nc3 a6 6.g3 e5 7.Nde2 Be7 8.Bg2 O-O
9.O-O Be6 10.Nd5 Bxd5 11.exd5 Nbd7 12.h3 Rc8 13.Be3 b5 14.c3 Nb6 15.b3 Nfd7
16.Qd2 Qc7 17.Rac1 Qb7 18.f4 Qb8 19.f5 Rc7 20.g4 f6 21.Ng3 Rfc8 22.Ne4 Qb7
23.Rfd1 a5 24.Kh2 a4 25.Qd3 axb3 26.axb3 Ra8 27.Ra1 Rcc8 {#r} 1-0

[Event "It (open)"]
[Site "masterchessopen.com – St. Ingbert (Germany)"]
[Round "7"]
[White "Stock Andreas (GER)"]
[Black "Bogdanovic Rajko (BIH)"]
[Result "0-1"]
[WhiteElo "2139"]
[BlackElo "2308"]

1.e4 c5 2.Nf3 d6 3.d4 cxd4 4.Nxd4 Nf6 5.Nc3 a6 6.g3 e5 7.Nde2 Be7 8.Bg2 O-O
9.O-O Be6 10.a4 Nbd7 11.Nd5 Bxd5 12.exd5 a5 13.c4 Rc8 14.b3 Nc5 15.Be3 Nfd7
16.f4 exf4 17.Nxf4 g6 18.Bd4 Bf6 19.Bxf6 Nxf6 20.Rb1 Qb6 21.Kh1 Rce8 22.Qd4
Nfd7 23.Qf2 Ne5 24.h3 Qd8 25.Rfe1 Ned3 {#R} 0-1

[Event "It \"]
[Site "masterchessopen.com – Bermuda"]
[Round "0"]
[White "Kudrin Sergey (USA)"]
[Black "Saint-Amand Paul (CAN)"]
[Result "1-0"]
[WhiteElo "2535"]
[BlackElo "2200"]

1.e4 c5 2.Nf3 d6 3.d4 cxd4 4.Nxd4 Nf6 5.Nc3 a6 6.g3 e5 7.Nb3 Be7 8.Bg2 O-O
9.O-O Qc7 10.a4 Be6 11.Be3 Nbd7 12.a5 Rac8 13.Qd2 Rfe8 14.Rfd1 Bf8 15.h3 h5
16.Qe1 Be7 17.Kh2 Bf8 18.Rdc1 Be7 19.Qd1 b5 20.axb6 Nxb6 21.Na5 Nc4 22.Nxc4
Bxc4 23.b3 Be6 24.Nd5 Bxd5 25.exd5 a5 26.Ra4 Bd8 27.Bd2 Qc5 28.Rc4 {#r} 1-0

[Event "It (open)"]
[Site "masterchessopen.com – Finkenstein (Austria)"]
[Round "0"]
[White "Kosmac Blaz (SLO)"]
[Black "Podkriznik Gregor (SLO)"]
[Result "0-1"]
[WhiteElo "2192"]
[BlackElo "2295"]

1.e4 c5 2.Nf3 d6 3.d4 cxd4 4.Nxd4 Nf6 5.Nc3 a6 6.g3 e5 7.Nde2 Nbd7 8.Bg2 Be7
9.h3 h5 10.Nd5 Nxd5 11.exd5 Bg5 12.Nc3 Bxc1 13.Qxc1 b6 14.Qe3 Qf6 15.Ne4 Qh6
16.f4 O-O 17.Ng5 exf4 18.gxf4 Nc5 19.O-O-O Bf5 20.Rde1 a5 21.Be4 Nxe4 22.Nxe4
Rac8 23.Rhg1 Rc4 24.Qf3 Rfc8 25.c3 b5 26.Rg5 Bxe4 27.Rxe4 b4 28.Rxc4 Rxc4
29.Qf1 Rc5 30.Qf3 Qf6 31.Rxh5 bxc3 32.b3 c2 {#R} 0-1

[Event "It (open)"]
[Site "masterchessopen.com – Karl-Mala (Germany)"]
[Round "6"]
[White "Drescher Werner"]
[Black "Dyga Ryszard (GER)"]
[Result "1-0"]
[WhiteElo "1765"]
[BlackElo "1590"]

1.e4 c5 2.Nf3 d6 3.d4 cxd4 4.Nxd4 Nf6 5.Nc3 a6 6.g3 e5 7.Nde2 Be7 8.Bg2 O-O
9.O-O b5 10.a3 Bb7 11.h3 Nbd7 12.g4 Nb6 13.Ng3 Qc7 14.g5 Nfd7 15.Nf5 Nc5 16.h4
g6 17.Nh6+ Kh8 18.f4 f6 19.f5 fxg5 20.hxg5 gxf5 21.exf5 Bxg2 22.Kxg2 Qb7+
23.Kh2 Rfe8 24.Qh5 Bf8 25.Nf7+ Kg8 26.g6 hxg6 27.fxg6 Bg7 28.Qh7+ Kf8 {#r} 1-0

[Event "Ch Yugoslavia (team) (w)"]
[Site "masterchessopen.com – Niksic (Yugoslavia)"]
[Round "3"]
[White "Blagojevic Katarina (SRB)"]
[Black "Miloradovic Jelena (SRB)"]
[Result "0-1"]
[WhiteElo "2180"]
[BlackElo "2105"]

1.e4 c5 2.Nf3 d6 3.d4 cxd4 4.Nxd4 Nf6 5.Nc3 a6 6.g3 e5 7.Nde2 Nbd7 8.Bg2 Be7
9.a4 b6 10.h3 Bb7 11.g4 Nc5 12.Ng3 Qd7 13.Be3 Bc6 14.g5 Ng8 15.a5 b5 16.Nd5
Qb7 17.Nf5 Bxd5 18.exd5 g6 19.Ng3 Rc8 20.O-O Qc7 21.f4 h6 22.fxe5 dxe5 23.Qf3
Bxg5 24.Bxg5 hxg5 25.d6 Qa7 26.Qd5 Ne6+ 27.Kh2 Rc5 28.d7+ {#R} 0-1

[Event "Ch Russia (1/2 final)"]
[Site "masterchessopen.com – Perm (Russia)"]
[Round "4"]
[White "Bashkov Viacheslav (RUS)"]
[Black "Morozov Dmitry (RUS)"]
[Result "1-0"]
[WhiteElo "2390"]
[BlackElo "2378"]

1.e4 c5 2.Nf3 d6 3.d4 cxd4 4.Nxd4 Nf6 5.Nc3 a6 6.g3 e5 7.Nde2 Nbd7 8.Bg2 b5
9.h3 Bb7 10.g4 d5 11.exd5 b4 12.Na4 Qa5 13.c4 bxc3 14.Nexc3 e4 15.O-O Nxd5
16.Re1 Be7 17.Bxe4 N7f6 18.Nxd5 Bxd5 19.Bd2 Qd8 20.Bxd5 Nxd5 21.Nc3 Ra7
22.Qa4+ Kf8 23.Nxd5 Qxd5 24.Bb4 {#r} 1-0

[Event "It (open) \"]
[Site "masterchessopen.com – Augsburg (Germany)"]
[Round "1"]
[White "Feicht Roland (GER)"]
[Black "Schnalzger Klaus (GER)"]
[Result "0-1"]
[WhiteElo "1817"]
[BlackElo "2120"]

1.e4 c5 2.Nf3 d6 3.d4 cxd4 4.Nxd4 Nf6 5.Nc3 a6 6.g3 e5 7.Nb3 b5 8.Bg2 Bb7
9.Bg5 Nbd7 10.O-O Be7 11.Re1 b4 12.Nd5 Nxd5 13.Bxe7 Nxe7 14.Qxd6 Qb6 15.Qd2
Rd8 16.Qe2 O-O 17.Kh1 a5 18.Rad1 Ba6 19.Qe3 Qxe3 20.Rxe3 Nc6 21.h4 a4 22.Nc1
Nc5 23.Rd5 Ne6 24.b3 Ne7 25.Rxd8 Rxd8 26.Nd3 Bxd3 27.Rxd3 Rxd3 28.cxd3 a3 {#R}
0-1

[Event "Staatsliga B South 1998/99"]
[Site "masterchessopen.com – Austria"]
[Round "3"]
[White "Ceschia Ivano (ITA)"]
[Black "Kaspret Guido (AUT)"]
[Result "1-0"]
[WhiteElo "2330"]
[BlackElo "2335"]

1.e4 c5 2.Nf3 d6 3.d4 cxd4 4.Nxd4 Nf6 5.Nc3 a6 6.g3 h5 7.h3 g6 8.Bg2 Bg7 9.Be3
Nbd7 10.Qd2 Ne5 11.b3 Bd7 12.Nd5 Rc8 13.Rd1 h4 14.g4 Nfxg4 15.hxg4 Bxg4 16.f3
Bd7 17.Bg5 h3 18.Bxe7 hxg2 19.Rxh8+ Bxh8 20.Kf2 Nd3+ 21.Qxd3 Qa5 22.Bf6 Bxf6
23.Nxf6+ Ke7 24.Nd5+ Kf8 25.Qe3 Kg7 26.Qg5 Qd8 27.Qxd8 Rxd8 28.Kxg2 b5 29.Nc7
Bc8 30.Nc6 Rh8 31.Rxd6 Bh3+ 32.Kg3 {#r} 1-0

[Event "It (open)"]
[Site "masterchessopen.com – Dunajska Streda (Czech Republic)"]
[Round "0"]
[White "Bokros Albert (HUN)"]
[Black "Pakosta Stanislav (CZE)"]
[Result "1-0"]
[WhiteElo "2365"]
[BlackElo "2249"]

1.e4 c5 2.Nf3 d6 3.d4 cxd4 4.Nxd4 Nf6 5.Nc3 a6 6.g3 g6 7.Bg2 Bg7 8.O-O O-O
9.h3 Nc6 10.Be3 Bd7 11.Nde2 b5 12.g4 b4 13.Nd5 Nxd5 14.exd5 Ne5 15.Bd4 Bb5
16.Re1 Rc8 17.a3 a5 18.axb4 axb4 19.b3 Rb8 20.f4 Nd7 21.Bxg7 Kxg7 22.Nd4 Re8
23.Qd2 Nf6 24.Qxb4 Bf1 25.Qa5 Bxg2 26.Kxg2 Qd7 27.Qc3 e5 28.dxe6 fxe6 29.g5
{#r} 1-0

[Event "Ch Spain (juniors) (under 20"]
[Site "masterchessopen.com – Oropesa (Spain)"]
[Round "5"]
[White "Vallejo Pons Francisco (ESP)"]
[Black "Martinez Lozano Miguel Angel (ESP)"]
[Result "1-0"]
[WhiteElo "2450"]
[BlackElo "2230"]

1.e4 c5 2.Nf3 d6 3.d4 cxd4 4.Nxd4 Nf6 5.Nc3 a6 6.g3 e5 7.Nde2 Be7 8.Bg2 Be6
9.h3 h5 10.Be3 Qc7 11.O-O Nbd7 12.a4 b6 13.f4 Rc8 14.Nd5 Bxd5 15.exd5 O-O
16.Nc3 Rfe8 17.Rc1 exf4 18.gxf4 Bf8 19.Bd4 Qb7 20.Qd3 Re7 21.Rce1 Rce8 22.Rxe7
Rxe7 23.Qf3 Qc8 24.Qf2 Qc7 25.Kh1 Qd8 26.Rg1 Re8 27.Bf3 Qb8 28.Qg2 b5 29.axb5
axb5 30.Ne4 Qd8 31.Nxd6 Re7 32.Nf5 {#r} 1-0

[Event "Ch World (active) (juniors) (under 14)"]
[Site "masterchessopen.com – Paris (France)"]
[Round "2"]
[White "Shkuran Daniil (UKR)"]
[Black "Gregoir Christophe (BEL)"]
[Result "1-0"]
[WhiteElo "2350"]
[BlackElo "2282"]

1.e4 c5 2.Nf3 d6 3.d4 cxd4 4.Nxd4 Nf6 5.Nc3 a6 6.g3 e5 7.Nb3 Be7 8.Bg2 O-O
9.O-O Be6 10.Bg5 Nbd7 11.Qe2 b5 12.Rfd1 h6 13.Bxf6 Nxf6 14.Nd5 Nxd5 15.exd5
Bf5 16.a4 bxa4 17.Rxa4 Qd7 18.Rda1 Qc7 19.Be4 Bxe4 20.Qxe4 f5 21.Qe2 Rfc8
22.c4 Qb6 23.Na5 Bf6 24.Nc6 e4 25.Rb4 Qc7 26.Ra3 Re8 27.Rab3 Qf7 28.Rb7 Qg6
29.c5 dxc5 30.d6 Bd8 31.Qc4+ Kh8 32.Qxc5 {#r} 1-0

[Event "It (open) (juniors)"]
[Site "masterchessopen.com – Plzen (Czech Republic)"]
[Round "1"]
[White "Hodova Lucie (CZE)"]
[Black "Hrbolka Ladislav Jr (CZE)"]
[Result "0-1"]
[WhiteElo "2128"]
[BlackElo "2159"]

1.e4 c5 2.Nf3 d6 3.d4 cxd4 4.Nxd4 Nf6 5.Nc3 a6 6.g3 Nc6 7.Bg2 Bd7 8.O-O g6
9.Nde2 Bg7 10.h3 O-O 11.a4 Rb8 12.g4 b5 13.axb5 axb5 14.Ng3 Ne5 15.Nd5 Nxd5
16.exd5 Qc7 17.c3 Nc4 18.Qe2 Rfc8 19.f4 b4 20.Ne4 bxc3 21.bxc3 Bb5 22.Qf3 Nb6
23.Rd1 Bc4 24.Ng3 Nxd5 25.Rxd5 Bxd5 26.Qxd5 Qxc3 27.Qa5 Qxa1 {#R} 0-1

[Event "It (matches)"]
[Site "masterchessopen.com – Cannes (France)"]
[Round "1"]
[White "Manolov Ivan (BUL)"]
[Black "Doucin Paul (FRA)"]
[Result "1-0"]
[WhiteElo "2327"]
[BlackElo "2012"]

1.e4 c5 2.Nf3 d6 3.d4 cxd4 4.Nxd4 Nf6 5.Nc3 a6 6.g3 e5 7.Nde2 Bg4 8.Bg2 Qc8
9.h3 Bd7 10.g4 Bc6 11.Ng3 g6 12.Be3 Bg7 13.Qxd6 Nbd7 14.g5 Ng8 15.O-O-O Ne7
16.h4 Bf8 17.Qd2 b5 18.Bh3 Qb7 19.Nd5 Bxd5 20.exd5 f5 21.gxf6 Nxf6 22.d6 Nf5
23.Nxf5 gxf5 24.Bxf5 Nd7 25.Qe2 O-O-O 26.Bg5 Re8 27.Rh3 Kb8 28.Rc3 Rc8 29.Rc7
Rxc7 30.dxc7+ Qxc7 31.Rxd7 {#r} 1-0

[Event "Ch DDMM (w)"]
[Site "masterchessopen.com – Germany"]
[Round "2"]
[White "Schaefer Anke (GER)"]
[Black "Virnik Elena (GER)"]
[Result "0-1"]
[WhiteElo "2133"]
[BlackElo "2154"]

1.e4 c5 2.Nf3 d6 3.d4 cxd4 4.Nxd4 Nf6 5.Nc3 a6 6.g3 Bg4 7.f3 Bd7 8.Bg2 Nc6
9.Be3 e6 10.a4 Be7 11.Qd2 Qc7 12.O-O Ne5 13.b3 Rc8 14.Nce2 d5 15.Kh1 dxe4
16.fxe4 Neg4 17.Bg1 h5 18.c4 h4 19.Qd3 Bd6 20.Rad1 Bxg3 21.Nxg3 hxg3 22.h3
Nf2+ 23.Rxf2 gxf2 24.Bxf2 e5 25.Ne2 Rd8 26.Qe3 Ng4 27.Qb6 Nxf2+ 28.Qxf2 Bxh3
{#R} 0-1

[Event "Ch Russia (club) (1 liga)"]
[Site "masterchessopen.com – Novokuznetsk (Russia)"]
[Round "1"]
[White "Salinnikov Denis Y (RUS)"]
[Black "Afanasiev Fedor (RUS)"]
[Result "0-1"]
[WhiteElo "2437"]
[BlackElo "2329"]

1.e4 c5 2.Nf3 d6 3.d4 cxd4 4.Nxd4 Nf6 5.Nc3 a6 6.g3 e5 7.Nde2 Nbd7 8.a4 b6
9.Bg2 Bb7 10.O-O Be7 11.g4 O-O 12.Ng3 Nc5 13.f4 exf4 14.Bxf4 g6 15.Bh6 Re8
16.b4 Qc8 17.Ra3 a5 18.g5 Nfd7 19.Nd5 axb4 20.Bh3 Qd8 21.Raf3 Ne5 22.Nh5 Nxe4
23.Rxf7 Nxf7 24.Be6 Nxg5 25.Rxf7 Nxe6 26.Rxe7 Rxe7 {#R} 0-1

[Event "Ch Russia (1/2 final)"]
[Site "masterchessopen.com – Novosibirsk (Russia)"]
[Round "7"]
[White "Salinnikov Denis Y (RUS)"]
[Black "Siuniakov Igor (RUS)"]
[Result "1-0"]
[WhiteElo "2437"]
[BlackElo "2355"]

1.e4 c5 2.Nf3 d6 3.Nc3 Nf6 4.d4 cxd4 5.Nxd4 a6 6.g3 Bg4 7.f3 Bd7 8.g4 h6 9.Be3
e6 10.Qd2 Nc6 11.h4 d5 12.exd5 Nxd5 13.Nxd5 exd5 14.O-O-O Qa5 15.Qxa5 Nxa5
16.Nf5 Be6 17.Bb6 Nc6 18.Bg2 g6 19.Rhe1 Rg8 20.Ne3 Bb4 21.c3 Be7 22.Nxd5 Bxh4
23.Re4 Rc8 24.Nc7+ Ke7 25.f4 Kf6 26.Rd6 Bf2 27.Nd5+ Kg7 28.Bxf2 {#r} 1-0

[Event "Ch Georgia (team) (select)"]
[Site "masterchessopen.com – Tbilisi (Georgia)"]
[Round "0"]
[White "Kekelidze Mikheil (GEO)"]
[Black "Jobava Baadur (GEO)"]
[Result "0-1"]
[WhiteElo "2446"]
[BlackElo "2330"]

1.e4 c5 2.Nf3 d6 3.d4 cxd4 4.Nxd4 Nf6 5.Nc3 a6 6.g3 e5 7.Nb3 Be7 8.a4 O-O
9.Bg2 Nc6 10.O-O Nb4 11.Be3 Be6 12.a5 Rc8 13.f4 Qd7 14.Kh1 Bh3 15.Qe2 Qg4
16.Bxh3 Qxh3 17.Rac1 Rc6 18.Qg2 Qxg2+ 19.Kxg2 Rfc8 20.fxe5 dxe5 21.Bg5 Kf8
22.Rf5 Ng4 23.Bxe7+ Kxe7 {#R} 0-1

[Event "Ch Argentina (team)"]
[Site "masterchessopen.com – Argentina"]
[Round "7"]
[White "Rebottaro Hector Javier (ARG)"]
[Black "Bonaveri Agustin (ARG)"]
[Result "0-1"]
[WhiteElo "2295"]
[BlackElo "2338"]

1.e4 c5 2.Nf3 d6 3.d4 cxd4 4.Nxd4 Nf6 5.Nc3 a6 6.g3 e5 7.Nde2 Be7 8.Bg2 O-O
9.O-O Qc7 10.h3 b5 11.a3 Nbd7 12.g4 Nb6 13.Ng3 g6 14.f4 exf4 15.Bxf4 Bb7
16.Kh2 Nc4 17.Qd4 Ne5 18.Nd5 Bxd5 19.exd5 Nfd7 20.c3 Bf6 21.Qd2 Nc5 22.Rae1
Ned3 23.Bh6 Nxe1 24.Rxf6 Qe7 25.Qg5 Rfe8 26.Qh4 Nxg2 27.Kxg2 Ne4 28.Nh5 gxh5
{#R} 0-1

[Event "Ch DLM (team)"]
[Site "masterchessopen.com – Bad Homburg (Germany)"]
[Round "2"]
[White "Zwanzger Johannes (GER)"]
[Black "Zimmermann Julian (GER)"]
[Result "0-1"]
[WhiteElo "2269"]
[BlackElo "2171"]

1.e4 c5 2.Nf3 d6 3.d4 cxd4 4.Nxd4 Nf6 5.Nc3 a6 6.g3 e5 7.Nde2 Be7 8.Bg2 b5
9.Nd5 Be6 10.Nxf6+ Bxf6 11.O-O O-O 12.b3 Qc7 13.Ba3 Be7 14.f4 Bg4 15.h3 Bxe2
16.Qxe2 Nd7 17.Rfd1 Rac8 18.Rd2 Qc3 19.Rf1 b4 20.Bc1 Qxg3 21.fxe5 Nxe5 22.Qxa6
Bg5 23.Rdf2 Bxc1 24.Rxc1 Qe3 25.Rd1 Rxc2 26.Qf1 f5 27.Qe1 Qxe1+ {#R} 0-1

[Event "Bayern Oberliga 1999/00"]
[Site "masterchessopen.com – Germany"]
[Round "2"]
[White "Tran Phat (GER)"]
[Black "Pruefer Stefan (GER)"]
[Result "1-0"]
[WhiteElo "2346"]
[BlackElo "2181"]

1.e4 c5 2.Nf3 d6 3.d4 cxd4 4.Nxd4 Nf6 5.Nc3 a6 6.g3 Nc6 7.Bg2 Nxd4 8.Qxd4 e5
9.Qd3 h6 10.O-O Be6 11.a4 Rc8 12.b3 Qc7 13.Bb2 h5 14.h3 Qc5 15.Ra2 Be7 16.Ba1
h4 17.g4 O-O 18.Kh1 Bd8 19.Nd5 Bxd5 20.exd5 Bb6 21.c4 Ba7 22.Qf5 b5 23.axb5
axb5 24.b4 Qb6 25.cxb5 Rc4 26.Ra6 {#r} 1-0

[Event "Bayern Regionalliga Southeast 2000/01"]
[Site "masterchessopen.com – Germany"]
[Round "4"]
[White "Hartl Aldo (GER)"]
[Black "Huwa Walter"]
[Result "1-0"]
[WhiteElo "2143"]
[BlackElo "2195"]

1.e4 c5 2.Nf3 d6 3.d4 cxd4 4.Nxd4 Nf6 5.Nc3 a6 6.g3 e5 7.Nde2 b5 8.Bg2 Bb7
9.O-O Be7 10.h3 O-O 11.g4 b4 12.Nd5 Nxd5 13.exd5 Nd7 14.Be3 Rc8 15.Qd2 a5
16.a3 Ba8 17.axb4 axb4 18.Rfc1 Rb8 19.b3 Nc5 20.Ng3 Qc7 21.Ne4 Nxe4 22.Bxe4 g6
23.Ra7 Rb7 24.Rca1 Rxa7 25.Rxa7 Qd8 26.Bh6 Re8 27.Qxb4 Bg5 28.Bxg5 Qxg5 29.Qa4
Qd8 30.Qd7 {#r} 1-0

[Event "Memorial V.Klubis"]
[Site "masterchessopen.com – Odessa (Ukraine)"]
[Round "10"]
[White "Tishin D (UKR)"]
[Black "Adamov Andrey (RUS)"]
[Result "1-0"]
[WhiteElo "2396"]
[BlackElo "2340"]

1.e4 c5 2.Nf3 d6 3.d4 cxd4 4.Nxd4 Nf6 5.Nc3 a6 6.g3 e5 7.Nde2 Be7 8.Bg2 O-O
9.O-O b5 10.h3 Bb7 11.g4 b4 12.Nd5 Nxd5 13.exd5 Nd7 14.c4 bxc3 15.Nxc3 Bg5
16.Ne4 Bxc1 17.Rxc1 Nb6 18.Ng3 Rb8 19.Qd2 g6 20.Be4 Qd7 21.Kh2 Qb5 22.Qh6 Nxd5
23.Nh5 {#r} 1-0

[Event "VK3 1999/00"]
[Site "masterchessopen.com – Ruhrgebiet (Germany)"]
[Round "0"]
[White "Dahlhaus Friedhelm (GER)"]
[Black "Wuenderlich Robin (GER)"]
[Result "0-1"]
[WhiteElo "2175"]
[BlackElo "2181"]

1.e4 c5 2.Nf3 d6 3.d4 cxd4 4.Nxd4 Nf6 5.Nc3 a6 6.g3 e5 7.Nde2 b5 8.Bg2 Bb7
9.O-O Be7 10.Bg5 Nbd7 11.Qd2 h6 12.Bxf6 Nxf6 13.a4 b4 14.Nd5 Bxd5 15.exd5 Rb8
16.a5 Qc7 17.Nc1 O-O 18.Nd3 Qc4 19.b3 Qd4 20.Ra4 Nxd5 21.Bxd5 Qxd5 22.Rxb4 e4
23.Re1 Rxb4 24.Qxb4 exd3 {#R} 0-1